| 000 | 00900nam a2200205 a 4500 | ||
|---|---|---|---|
| 005 | 20240210063611.0 | ||
| 008 | 020930s2001 cl r 000 0 spa d | ||
| 020 | _a9586822613 | ||
| 035 | _aUPN01000119770 | ||
| 049 | _aCG | ||
| 050 | 4 |
_aGE300 _bC3.68 |
|
| 245 | 0 | 0 |
_aCapacitación en administración del medio ambiente / _cdir. R. G. A. Boland. |
| 260 |
_aBogotá : _bAlfaomega : _bOIT, _c2001. |
||
| 300 | _a5 v. | ||
| 505 | 8 |
_aContenido: _gv.1. _tAdministración general del medio ambiente -- _gv.2. _tAdministración de proyectos y el medio ambiente -- _gv.3. _tAdministración de la producción y el medio ambiente -- _gv.4. _tSimulación de la administración del medio ambiente -- _gv.5. _tMateriales de apoyo para la capacitación del medio ambiente |
|
| 500 | _aLa biblioteca tiene los v.1 y 2 | ||
| 650 | 4 |
_aAdministración ambiental _9435 |
|
| 700 | 1 |
_aBoland, R. G. A., _edir. |
|
| 905 | _aLibro | ||
| 999 |
_c92120 _d92120 |
||